| 000 | 00623cam a22002178a 4500 | ||
|---|---|---|---|
| 008 | |||
| 020 | _a0273602934 (pbk.) | ||
| 049 | _aMAIN | ||
| 090 |
_aHF5635 _bWEE |
||
| 100 | 1 | _aWeetman, Pauline. | |
| 245 | 1 | 0 |
_aFinancial and management accounting : _ban introduction / _cPauline Weetman. |
| 260 |
_aLondon : _bFinancial Times, _cc1996. |
||
| 300 |
_axxi, 871 p. : _bill. ; _c25 cm. |
||
| 500 | _aIncludes index. | ||
| 650 | 0 | _aAccounting. | |
| 907 |
_a.b10293693 _b23-02-15 _c24-03-11 |
||
| 003 | |||
| 005 | 20230123125207.0 | ||
| 040 | _cNUST | ||
| 942 |
_cBOOKS _kHF5635 _mWEE |
||
| 999 |
_c137333 _d137333 |
||